01299nab a2200325 uc450000100070000000500170000700800410002403500110006503500210007604000130009704100080011010000420011824501720016026000100033265000320034265000400037465000340041465000370044865000210048565000370050665000280054365000630057170000540063470000350068870000520072370000460077577301230082194200100094499900190095485825520240201190741.0031212s2003 spa  a858255 a(OCoLC)820086681 ccomduadb aspa10aVergel M., Carolina4auteaut938421010aTecnicas moleculares como herramientas en la epidemiologia : analisis de la dispersion y posibilidad de reinfestacion por Rhodnius colombiensis (Hemiptera: Reduviidae) c2003. 7aEpidemiología2lemb95453 aHemipteros - Investigaciones911712 aRhodnius colombiensis9128040 7aEnfermedad de Chagas2dcs965075 aReduvidos962844 aGenética de poblaciones942878 aInsectos vectores95615 aEnfermedades transmisibles - Prevención y control91918810aJaramillo Holguin, Carlos Mario4auteaut932249510aCastro, Lyda4auteaut938421110aGuhl Nannetti, Felipe,d1949-4auteaut950605210aVallejo, Gustavo Adolfo4auteaut93213940 tRevista Colombiana de Entomología (Bogotá)gVol. 29, No. 02, Jul.-Dic. 2003, p. 137-142w717952x0120-04880233303 cARIMP c298439d298439